[Event "Obert Miquel Mas 2013"]
[Site "Figueres ESP"]
[Date "2013.08.11"]
[Round "1.6"]
[White "Fluvia Poyatos, Jordi"]
[Black "Mogro Flores, Simon"]
[Result "1-0"]
[WhiteElo "2447"]
[BlackElo "2040"]
[PlyCount "87"]
[EventDate "2013.08.11"]
[EventType "swiss"]
[EventRounds "9"]
[EventCountry "ESP"]
[Source "lmi"]
[SourceDate "2013.08.11"]

1. Nf3 e6 2. g3 b6 3. Bg2 Bb7 4. O-O Nf6 5. d3 d5 6. Nbd2 Be7 7. c3 Nbd7 8. Qc2
c5 9. e4 Qc7 10. Re1 O-O 11. Nf1 dxe4 12. dxe4 e5 13. N3d2 Rfd8 14. Ne3 Nf8 15.
a4 Ne6 16. Ndc4 Rac8 17. Bd2 Bf8 18. Rad1 Nd4 19. Qb1 Nb3 20. Bc1 Nxc1 21. Rxc1
a6 22. a5 bxa5 23. Rcd1 Rxd1 24. Rxd1 a4 25. Nd5 Nxd5 26. exd5 Bd6 27. Qc2 g6
28. Qxa4 f5 29. Bf1 Kg7 30. Na5 Ba8 31. Bxa6 Rf8 32. Nc4 f4 33. Qc2 fxg3 34.
hxg3 e4 35. Qxe4 Rf5 36. f4 Bf8 37. Bb5 Qd8 38. Ne3 Rh5 39. Qe8 Qb6 40. Be2 c4
41. Bxh5 gxh5 42. Kf1 Bb7 43. Nf5+ Kg8 44. Qe6+ 1-0

[Event "Obert Miquel Mas 2013"]
[Site "Figueres ESP"]
[Date "2013.08.11"]
[Round "1.8"]
[White "Antoli Royo, Joaquin Miguel"]
[Black "De Boer, Albert"]
[Result "1-0"]
[WhiteElo "2409"]
[BlackElo "2030"]
[PlyCount "43"]
[EventDate "2013.08.11"]
[EventType "swiss"]
[EventRounds "9"]
[EventCountry "ESP"]
[Source "lmi"]
[SourceDate "2013.08.11"]

1. e4 e6 2. d4 d5 3. Nd2 Nf6 4. e5 Nfd7 5. Bd3 c5 6. c3 Nc6 7. Ngf3 cxd4 8.
cxd4 Qb6 9. O-O Nxd4 10. Nxd4 Qxd4 11. Nf3 Qb6 12. Qa4 Qb4 13. Qc2 Qg4 14. Be3
Be7 15. Rac1 h6 16. h3 Qh5 17. Qa4 f5 18. Bb5 Kd8 19. Bxa7 Bg5 20. Bxd7 Bxd7
21. Bb6+ Ke7 22. Bc5+ 1-0

[Event "Obert Miquel Mas 2013"]
[Site "Figueres ESP"]
[Date "2013.08.11"]
[Round "1.9"]
[White "Diaz Munoz, Sergi"]
[Black "Ramiro Ovejero, Juan L"]
[Result "0-1"]
[WhiteElo "2026"]
[BlackElo "2406"]
[PlyCount "48"]
[EventDate "2013.08.11"]
[EventType "swiss"]
[EventRounds "9"]
[EventCountry "ESP"]
[Source "lmi"]
[SourceDate "2013.08.11"]

1. e4 c5 2. Nf3 e6 3. d4 cxd4 4. Nxd4 Nc6 5. c4 Nf6 6. Nxc6 bxc6 7. Bd3 e5 8.
O-O Bc5 9. Nc3 d6 10. Rb1 a5 11. Qf3 Be6 12. Be2 Bd4 13. Qd3 O-O 14. Kh1 Nd7
15. Qg3 f5 16. exf5 Bxf5 17. Bd3 Nc5 18. Bxf5 Rxf5 19. f3 Qf6 20. Nd1 e4 21.
Ne3 Bxe3 22. Bxe3 Rf8 23. Rfd1 exf3 24. Rxd6 Ne4 0-1

[Event "Obert Miquel Mas 2013"]
[Site "Figueres ESP"]
[Date "2013.08.12"]
[Round "2.1"]
[White "Aroshidze, Levan"]
[Black "Ynojosa, Felix Jose"]
[Result "1-0"]
[WhiteElo "2565"]
[BlackElo "2405"]
[PlyCount "73"]
[EventDate "2013.08.11"]
[EventType "swiss"]
[EventRounds "9"]
[EventCountry "ESP"]
[Source "lmi"]
[SourceDate "2013.08.11"]

1. e4 c5 2. Nf3 Nc6 3. d4 cxd4 4. Nxd4 e5 5. Nb5 d6 6. N1c3 a6 7. Na3 b5 8. Nd5
Nce7 9. c4 Nxd5 10. exd5 bxc4 11. Nxc4 Nf6 12. Be3 Rb8 13. Be2 Be7 14. a4 O-O
15. O-O Bb7 16. Nb6 Qe8 17. a5 Bd8 18. Bc4 Nd7 19. Qa4 Bxb6 20. axb6 f5 21. f3
f4 22. Bf2 Bc8 23. Qc6 e4 24. fxe4 f3 25. Qxd6 Rf6 26. Qg3 Qxe4 27. b3 Rg6 28.
Rae1 Qf5 29. Qc7 Rxg2+ 30. Kh1 h5 31. Re8+ Kh7 32. Re3 Qh3 33. Bd3+ Kh6 34.
Re6+ g6 35. Qf4+ Kg7 36. Bd4+ Kg8 37. Re8+ 1-0

[Event "Obert Miquel Mas 2013"]
[Site "Figueres ESP"]
[Date "2013.08.12"]
[Round "2.2"]
[White "Szabo, Bence"]
[Black "Narciso Dublan, Marc"]
[Result "1/2-1/2"]
[WhiteElo "2392"]
[BlackElo "2505"]
[PlyCount "198"]
[EventDate "2013.08.11"]
[EventType "swiss"]
[EventRounds "9"]
[EventCountry "ESP"]
[Source "lmi"]
[SourceDate "2013.08.11"]

1. Nf3 d6 2. d4 Bg4 3. g3 Bxf3 4. exf3 e6 5. d5 exd5 6. Qxd5 c6 7. Qb3 Qc7 8.
c4 Nf6 9. Nc3 Be7 10. Bh3 O-O 11. O-O Nbd7 12. Be3 a6 13. Kg2 b5 14. Rac1 Rfb8
15. f4 Qb7 16. Kg1 bxc4 17. Qxc4 d5 18. Qa4 Nb6 19. Bxb6 Qxb6 20. Nd1 c5 21.
Bg2 Rd8 22. Qc2 c4 23. b3 Rac8 24. bxc4 Rxc4 25. Qb2 Rb4 26. Qe2 Bf8 27. Rc2
Re8 28. Qd2 Rd4 29. Qc1 h5 30. Ne3 h4 31. Rc6 Qa5 32. Nf5 Ra4 33. Rxf6 hxg3 34.
hxg3 gxf6 35. Qd1 Rxa2 36. Qg4+ Kh7 37. Qh5+ Kg8 38. Bxd5 Qxd5 39. Nh6+ Bxh6
40. Qxd5 Rae2 41. Kg2 Re1 42. Rxe1 Rxe1 43. Qa8+ Bf8 44. Qxa6 Re6 45. Qc4 f5
46. Qd5 Rf6 47. f3 Bg7 48. Qc4 Bh6 49. Kf2 Kh7 50. Ke3 Re6+ 51. Kf2 Rf6 52. Qc2
Kg8 53. Qb1 Kg7 54. Qh1 Kg6 55. Qh4 Re6 56. Qd8 Rf6 57. Qg8+ Bg7 58. Kg2 Kh6
59. Qb8 Rg6 60. Kh3 Re6 61. Qb5 Rf6 62. g4 fxg4+ 63. fxg4 Kh7 64. Kg3 Re6 65.
g5 Bf8 66. Kg4 Rd6 67. Kh5 Rd2 68. Qf5+ Kg8 69. Qc8 Rh2+ 70. Kg4 Rg2+ 71. Kf5
Rb2 72. Qe8 Rb6 73. Kg4 Rb4 74. g6 fxg6 75. Qxg6+ Bg7 76. Kg5 Rb2 77. Qe6+ Kh7
78. Qe4+ Kg8 79. Qd5+ Kh7 80. Qe4+ Kg8 81. Qe6+ Kh7 82. Kf5 Rh2 83. Qg6+ Kg8
84. Qe8+ Kh7 85. Qf7 Rh6 86. Kg5 Rb6 87. Kf5 Rd6 88. Qe7 Ra6 89. Ke4 Rf6 90. f5
Kg8 91. Qe8+ Kh7 92. Qd7 Kg8 93. Qc8+ Kh7 94. Kd5 Rb6 95. Qe8 Rf6 96. Qh5+ Rh6
97. Qf7 Rf6 98. Qh5+ Rh6 99. Qf7 Rf6 1/2-1/2

[Event "Obert Miquel Mas 2013"]
[Site "Figueres ESP"]
[Date "2013.08.12"]
[Round "2.3"]
[White "Forcen Esteban, Daniel"]
[Black "Tjiam, Dharma"]
[Result "1-0"]
[WhiteElo "2503"]
[BlackElo "2377"]
[PlyCount "75"]
[EventDate "2013.08.11"]
[EventType "swiss"]
[EventRounds "9"]
[EventCountry "ESP"]
[Source "lmi"]
[SourceDate "2013.08.11"]

1. d4 Nf6 2. Nf3 g6 3. c4 Bg7 4. Nc3 d6 5. e4 O-O 6. Be2 Bg4 7. Ng1 Bxe2 8.
Ngxe2 c5 9. dxc5 dxc5 10. Qxd8 Rxd8 11. e5 Ne8 12. f4 Nc6 13. Be3 b6 14. Kf2 f6
15. exf6 exf6 16. Rad1 f5 17. Kf3 Kf7 18. b3 Nc7 19. g4 fxg4+ 20. Kxg4 Bxc3 21.
Nxc3 Ne7 22. Ne4 Nf5 23. Ng5+ Kg8 24. Bc1 h6 25. Nf3 Ne6 26. Ne5 Ne7 27. Bb2
h5+ 28. Kf3 Rf8 29. Rhe1 Rxf4+ 30. Kg2 Raf8 31. Nd3 Rg4+ 32. Kh1 Nf5 33. Rxe6
Rd8 34. Ree1 Nh4 35. Ne5 Rxd1 36. Rxd1 Re4 37. Rd8+ Kh7 38. Nf3 1-0

[Event "Obert Miquel Mas 2013"]
[Site "Figueres ESP"]
[Date "2013.08.12"]
[Round "2.4"]
[White "Valles, Manuel"]
[Black "Cruz, Cristhian"]
[Result "0-1"]
[WhiteElo "2319"]
[BlackElo "2498"]
[PlyCount "60"]
[EventDate "2013.08.11"]
[EventType "swiss"]
[EventRounds "9"]
[EventCountry "ESP"]
[Source "lmi"]
[SourceDate "2013.08.11"]

1. d4 e6 2. c4 Nf6 3. Nc3 Bb4 4. f3 d5 5. a3 Bxc3+ 6. bxc3 c5 7. cxd5 exd5 8.
e3 Qc7 9. Ra2 O-O 10. Bd3 b6 11. Ne2 Ba6 12. O-O Re8 13. Nf4 Bxd3 14. Qxd3 Nc6
15. g4 Ne7 16. a4 Ng6 17. Nh5 Nxh5 18. gxh5 Nf8 19. e4 cxd4 20. cxd4 Rac8 21.
h6 g6 22. a5 Qe7 23. axb6 axb6 24. Ba3 dxe4 25. Bxe7 exd3 26. Bf6 Nd7 27. Bg7
Rc2 28. Rxc2 dxc2 29. Kf2 b5 30. Rc1 Rc8 0-1

[Event "Obert Miquel Mas 2013"]
[Site "Figueres ESP"]
[Date "2013.08.12"]
[Round "2.6"]
[White "Nunez Lucero, Francisco"]
[Black "Fluvia Poyatos, Jordi"]
[Result "0-1"]
[WhiteElo "2207"]
[BlackElo "2447"]
[PlyCount "58"]
[EventDate "2013.08.11"]
[EventType "swiss"]
[EventRounds "9"]
[EventCountry "ESP"]
[Source "lmi"]
[SourceDate "2013.08.11"]

1. e4 e5 2. Nf3 Nc6 3. Bc4 Bc5 4. b4 Bxb4 5. c3 Ba5 6. d4 exd4 7. O-O d3 8. e5
Nge7 9. Ba3 d5 10. exd6 cxd6 11. Qxd3 d5 12. Bb3 O-O 13. Nd4 Nxd4 14. Qxd4 Be6
15. Nd2 Re8 16. Rfe1 Nf5 17. Qd3 Rc8 18. Bb2 Qf6 19. Rac1 Red8 20. Red1 Nh4 21.
g3 Ng6 22. Ba1 Ne5 23. Qb5 Bb6 24. Rf1 Bh3 25. c4 d4 26. f4 Nd3 27. Ne4 Qe7 28.
Ng5 Bxf1 29. Rxf1 Rc5 0-1

[Event "Obert Miquel Mas 2013"]
[Site "Figueres ESP"]
[Date "2013.08.12"]
[Round "2.12"]
[White "Klip, Hans"]
[Black "Juan Bartroli, Pau"]
[Result "1-0"]
[WhiteElo "2335"]
[BlackElo "2173"]
[PlyCount "45"]
[EventDate "2013.08.11"]
[EventType "swiss"]
[EventRounds "9"]
[EventCountry "ESP"]
[Source "lmi"]
[SourceDate "2013.08.11"]

1. e4 c6 2. Ne2 d5 3. e5 d4 4. b4 b6 5. Bb2 d3 6. Nf4 dxc2 7. Qxc2 e6 8. b5 Bc5
9. Nc3 Qc7 10. Ne4 cxb5 11. Rc1 Bd7 12. Be2 Na6 13. O-O Rc8 14. Qb3 Qd8 15.
Bxb5 Nb8 16. Nd6+ Bxd6 17. exd6 Rxc1 18. Rxc1 Nf6 19. Bxf6 gxf6 20. Nxe6 fxe6
21. Qxe6+ Kf8 22. Bxd7 Nxd7 23. Rc7 1-0

[Event "Obert Miquel Mas 2013"]
[Site "Figueres ESP"]
[Date "2013.08.13"]
[Round "3.3"]
[White "Cruz, Cristhian"]
[Black "Kjartansson, Gudmundur"]
[Result "1/2-1/2"]
[WhiteElo "2498"]
[BlackElo "2434"]
[PlyCount "95"]
[EventDate "2013.08.11"]
[EventType "swiss"]
[EventRounds "9"]
[EventCountry "ESP"]
[Source "lmi"]
[SourceDate "2013.08.11"]

1. d4 d5 2. c4 c6 3. Nf3 Nf6 4. Nc3 dxc4 5. a4 Bf5 6. e3 e6 7. Bxc4 Bb4 8. O-O
O-O 9. Qe2 Nbd7 10. e4 Bg6 11. Bd3 Bh5 12. e5 Nd5 13. Nxd5 cxd5 14. Qe3 Re8 15.
Ne1 Bg6 16. Bxg6 hxg6 17. Nd3 Qa5 18. Nxb4 Qxb4 19. b3 Rac8 20. Ba3 Qa5 21.
Rfc1 Rxc1+ 22. Qxc1 Nb8 23. Bd6 Nc6 24. Qb2 Qa6 25. Rd1 Rc8 26. h4 Na5 27. Bb4
Qb6 28. Bxa5 Qxa5 29. Rc1 Rxc1+ 30. Qxc1 Qb4 31. Qe3 a6 32. g3 b5 33. axb5 axb5
34. Kg2 Kh7 35. Kf1 Kg8 36. Qd3 Qa5 37. Kg2 b4 38. Kf3 Qa1 39. Ke2 Qb2+ 40. Kf3
Kf8 41. Ke3 Ke7 42. Kf3 Kd8 43. Qb5 Qxb3+ 44. Kg2 Qc4 45. Qb8+ Ke7 46. Qd6+ Ke8
47. Qb8+ Ke7 48. Qd6+ 1/2-1/2

[Event "Obert Miquel Mas 2013"]
[Site "Figueres ESP"]
[Date "2013.08.13"]
[Round "3.4"]
[White "Fluvia Poyatos, Jordi"]
[Black "Ramiro Ovejero, Juan L"]
[Result "1/2-1/2"]
[WhiteElo "2447"]
[BlackElo "2406"]
[PlyCount "73"]
[EventDate "2013.08.11"]
[EventType "swiss"]
[EventRounds "9"]
[EventCountry "ESP"]
[Source "lmi"]
[SourceDate "2013.08.11"]

1. e4 c6 2. d4 d5 3. Nd2 dxe4 4. Nxe4 Bf5 5. Nc5 Qc7 6. Nf3 e6 7. Nd3 Nf6 8.
Be2 Nbd7 9. O-O Bd6 10. c4 c5 11. dxc5 Nxc5 12. Nxc5 Bxc5 13. b4 Be7 14. Qa4+
Qd7 15. Qb3 O-O 16. Bf4 Rfd8 17. Rad1 Qe8 18. Nd4 Be4 19. a3 Rd7 20. Qe3 a5 21.
Be5 Bg6 22. c5 Nd5 23. Qb3 axb4 24. axb4 Rdd8 25. Bb5 Qf8 26. f4 Nxb4 27. Qxb4
Bxc5 28. Qb3 f6 29. Kh1 fxe5 30. Nxe6 Bf7 31. Rxd8 Qxd8 32. fxe5 Qe7 33. Bc4
Ra3 34. Qb5 Bxe6 35. Bxe6+ Qxe6 36. Qxc5 Ra8 37. h3 1/2-1/2

[Event "Obert Miquel Mas 2013"]
[Site "Figueres ESP"]
[Date "2013.08.13"]
[Round "3.5"]
[White "Narciso Dublan, Marc"]
[Black "Garcia Galeote, Lorenzo"]
[Result "1-0"]
[WhiteElo "2505"]
[BlackElo "2009"]
[PlyCount "95"]
[EventDate "2013.08.11"]
[EventType "swiss"]
[EventRounds "9"]
[EventCountry "ESP"]
[Source "lmi"]
[SourceDate "2013.08.11"]

1. e4 g6 2. Nc3 Bg7 3. g3 b6 4. Bg2 Bb7 5. d3 e6 6. Be3 h6 7. Qd2 d6 8. Nge2
Ne7 9. O-O c5 10. d4 Nbc6 11. Rfd1 a6 12. f4 O-O 13. dxc5 dxc5 14. Na4 Qc7 15.
Qd6 Rac8 16. Qxc7 Rxc7 17. e5 Nb4 18. Rd2 Bxg2 19. Kxg2 Nbd5 20. Bf2 Rb8 21. c4
Nb4 22. Rad1 Nbc6 23. Rd7 Rcb7 24. Rxb7 Rxb7 25. Rd6 Rb8 26. Nec3 b5 27. cxb5
axb5 28. Nxc5 b4 29. N3a4 g5 30. b3 Kh7 31. Kf3 h5 32. Ne4 g4+ 33. Ke2 Kg6 34.
Nd2 Rd8 35. Rxd8 Nxd8 36. Nb6 Nec6 37. Ne4 Bf8 38. Kd3 Na5 39. Nc4 Nac6 40. Bb6
Nb7 41. Ned6 Nxd6 42. exd6 Kf5 43. d7 Be7 44. Na5 Bd8 45. Nxc6 Bxb6 46. d8=Q
Bxd8 47. Nxd8 e5 48. fxe5 1-0

[Event "Obert Miquel Mas 2013"]
[Site "Figueres ESP"]
[Date "2013.08.13"]
[Round "3.6"]
[White "Aymerich Verdaguer, Eduard"]
[Black "Szabo, Bence"]
[Result "0-1"]
[WhiteElo "1953"]
[BlackElo "2392"]
[PlyCount "58"]
[EventDate "2013.08.11"]
[EventType "swiss"]
[EventRounds "9"]
[EventCountry "ESP"]
[Source "lmi"]
[SourceDate "2013.08.11"]

1. d4 Nf6 2. c4 e6 3. Nf3 b6 4. g3 Ba6 5. Qc2 Bb7 6. Bg2 c5 7. d5 exd5 8. Nh4
Nc6 9. cxd5 Nb4 10. Qd1 Bxd5 11. Bxd5 Nbxd5 12. e4 Nc7 13. e5 Nfd5 14. Nf5 Nb4
15. Nc3 d5 16. exd6 Ne6 17. Ne4 Qd7 18. a3 Nc6 19. Qf3 O-O-O 20. Bf4 Nxf4 21.
Qxf4 g6 22. Ne3 f5 23. Nf6 Qe6 24. d7+ Kb7 25. Nfd5 Rxd7 26. O-O Rxd5 27. Nxd5
Qxd5 28. Rad1 Nd4 29. f3 Ne2+ 0-1

[Event "Obert Miquel Mas 2013"]
[Site "Figueres ESP"]
[Date "2013.08.13"]
[Round "3.16"]
[White "Colls Gelaberto, Emilio"]
[Black "Casanellas Ruano, Lluis"]
[Result "1-0"]
[WhiteElo "2139"]
[BlackElo "2162"]
[PlyCount "49"]
[EventDate "2013.08.11"]
[EventType "swiss"]
[EventRounds "9"]
[EventCountry "ESP"]
[Source "lmi"]
[SourceDate "2013.08.11"]

1. d4 d5 2. c4 c6 3. Nf3 Nf6 4. Qc2 g6 5. g3 Bg7 6. Bg2 O-O 7. O-O Bf5 8. Qb3
Qb6 9. Nc3 Nbd7 10. Qxb6 Nxb6 11. cxd5 cxd5 12. Ne5 Rfd8 13. Bf4 Rac8 14. Rac1
a6 15. a4 Be6 16. b3 Nbd7 17. a5 Nh5 18. Nxd7 Rxd7 19. Be3 Rdc7 20. Nxd5 Rxc1
21. Bxc1 Rd8 22. Nxe7+ Kf8 23. Ba3 Ke8 24. d5 Bd7 25. Rc1 1-0

[Event "Obert Miquel Mas 2013"]
[Site "Figueres ESP"]
[Date "2013.08.13"]
[Round "3.17"]
[White "Saez Coma, Alejandro"]
[Black "Carraminana Lopez, Luis Antoni"]
[Result "1-0"]
[WhiteElo "2020"]
[BlackElo "1999"]
[PlyCount "33"]
[EventDate "2013.08.11"]
[EventType "swiss"]
[EventRounds "9"]
[EventCountry "ESP"]
[Source "lmi"]
[SourceDate "2013.08.11"]

1. d4 d5 2. c4 c6 3. Nf3 Nf6 4. e3 a6 5. Nc3 Bf5 6. Nh4 Be6 7. c5 Bg4 8. f3 Bh5
9. g4 Bg6 10. g5 Nfd7 11. f4 e5 12. Qg4 exd4 13. exd4 Qe7+ 14. Qe2 Bh5 15.
Qxe7+ Bxe7 16. Nf5 O-O 17. Nxe7+ 1-0

[Event "Obert Miquel Mas 2013"]
[Site "Figueres ESP"]
[Date "2013.08.14"]
[Round "4.1"]
[White "Forcen Esteban, Daniel"]
[Black "Narciso Dublan, Marc"]
[Result "1-0"]
[WhiteElo "2503"]
[BlackElo "2505"]
[PlyCount "125"]
[EventDate "2013.08.11"]
[EventType "swiss"]
[EventRounds "9"]
[EventCountry "ESP"]
[Source "lmi"]
[SourceDate "2013.08.11"]

1. e4 e5 2. Nf3 Nc6 3. d4 exd4 4. Nxd4 Nf6 5. Nxc6 bxc6 6. e5 Qe7 7. Qe2 Nd5 8.
c4 Ba6 9. Nd2 g6 10. Nf3 Qb4+ 11. Kd1 Bg7 12. Qc2 Ne7 13. a3 Qb8 14. h4 d6 15.
exd6 cxd6 16. h5 d5 17. cxd5 Bxf1 18. Rxf1 Qd6 19. Ke2 Qxd5 20. Rd1 Qb5+ 21.
Qd3 Qxd3+ 22. Rxd3 O-O 23. Rb1 Rfe8 24. Bd2 Nd5+ 25. Kf1 Re4 26. h6 Bf6 27. Rc1
Re6 28. b4 a6 29. a4 Nb6 30. Bc3 Nd5 31. Bxf6 Rxf6 32. b5 axb5 33. axb5 Ne7 34.
Rd7 Kf8 35. b6 Rf5 36. b7 Rb8 37. Rcd1 Nd5 38. Re1 Rh5 39. Kg1 Rxh6 40. Ne5 g5
41. Nxf7 Rh4 42. Nxg5 Rb4 43. Ne6+ Kg8 44. Nd8 Nf6 45. Rd6 Ne4 46. Rxc6 Rxd8
47. Rc8 Rf8 48. Rxe4 Rxb7 49. Rg4+ Rg7 50. Rxg7+ Kxg7 51. Rxf8 Kxf8 52. Kh2 Kg7
53. Kg3 Kg6 54. Kg4 Kf6 55. Kh5 Kg7 56. Kg5 Kf7 57. Kh6 Kg8 58. f4 Kh8 59. g4
Kg8 60. f5 Kh8 61. f6 Kg8 62. g5 Kh8 63. g6 1-0

[Event "Obert Miquel Mas 2013"]
[Site "Figueres ESP"]
[Date "2013.08.14"]
[Round "4.2"]
[White "Aroshidze, Levan"]
[Black "Fluvia Poyatos, Jordi"]
[Result "1/2-1/2"]
[WhiteElo "2565"]
[BlackElo "2447"]
[PlyCount "59"]
[EventDate "2013.08.11"]
[EventType "swiss"]
[EventRounds "9"]
[EventCountry "ESP"]
[Source "lmi"]
[SourceDate "2013.08.11"]

1. e4 e5 2. Nf3 Nc6 3. Bb5 a6 4. Ba4 Nf6 5. O-O Be7 6. Re1 b5 7. Bb3 d6 8. c3
O-O 9. h3 Nb8 10. d4 Nbd7 11. Nbd2 Bb7 12. Bc2 Re8 13. Nf1 Bf8 14. Ng3 g6 15.
b3 Bg7 16. d5 Rc8 17. c4 c6 18. Be3 Nb6 19. Rb1 Qc7 20. dxc6 Bxc6 21. Bd3 bxc4
22. bxc4 Na4 23. Qd2 Nd7 24. Bh6 Bf6 25. Bc2 Nac5 26. Rbd1 Be7 27. Bg5 Bf8 28.
Bh6 Be7 29. Bg5 Bf8 30. Bh6 1/2-1/2

[Event "Obert Miquel Mas 2013"]
[Site "Figueres ESP"]
[Date "2013.08.14"]
[Round "4.4"]
[White "Kjartansson, Gudmundur"]
[Black "Antoli Royo, Joaquin Miguel"]
[Result "0-1"]
[WhiteElo "2434"]
[BlackElo "2409"]
[PlyCount "130"]
[EventDate "2013.08.11"]
[EventType "swiss"]
[EventRounds "9"]
[EventCountry "ESP"]
[Source "lmi"]
[SourceDate "2013.08.11"]

1. c4 c5 2. g3 Nc6 3. Bg2 g6 4. Nc3 Bg7 5. Nf3 d6 6. O-O e5 7. a3 a5 8. Ne1 Be6
9. d3 Nge7 10. Nc2 d5 11. cxd5 Nxd5 12. Ne3 Nde7 13. Nc4 O-O 14. Bg5 f6 15. Be3
b6 16. Qa4 Qc7 17. f4 Rab8 18. fxe5 fxe5 19. Bg5 Nd4 20. e3 Ndf5 21. g4 Nd6 22.
Nxd6 Qxd6 23. Ne4 Qc7 24. Rxf8+ Rxf8 25. Rf1 Nd5 26. Rxf8+ Kxf8 27. Nc3 Nxc3
28. bxc3 c4 29. d4 h6 30. Bh4 Bxg4 31. Qb5 Be6 32. Bc6 exd4 33. Bg3 Qe7 34.
cxd4 Qxa3 35. Kf2 Qa2+ 36. Kf3 c3 37. Be4 Qc4 38. Bd6+ Kf7 39. Qxc4 Bxc4 40.
Bc7 Bf8 41. Bxb6 Bb4 42. Bc2 Bb5 43. e4 a4 44. d5 a3 45. Bb3 Ba4 46. Ba2 c2 47.
Be3 Bc3 48. d6+ Ke8 49. Bxh6 Bb2 50. Bg5 Kd7 51. h4 Kxd6 52. Bf4+ Kc5 53. Be3+
Kb5 54. Kf4 c1=Q 55. Bxc1 Bxc1+ 56. Ke5 Bc2 57. Kd5 Bf4 58. e5 Bxe5 59. Kxe5
Kb4 60. Kd4 Bf5 61. Bf7 Bb1 62. Be6 Bc2 63. Ba2 Bb3 64. Bb1 Bg8 65. Kd3 Kb3 0-1

[Event "Obert Miquel Mas 2013"]
[Site "Figueres ESP"]
[Date "2013.08.14"]
[Round "4.5"]
[White "Szabo, Bence"]
[Black "Ynojosa, Felix Jose"]
[Result "0-1"]
[WhiteElo "2392"]
[BlackElo "2405"]
[PlyCount "82"]
[EventDate "2013.08.11"]
[EventType "swiss"]
[EventRounds "9"]
[EventCountry "ESP"]
[Source "lmi"]
[SourceDate "2013.08.11"]

1. Nf3 Nf6 2. c4 e6 3. g3 b6 4. Bg2 Bb7 5. O-O c5 6. Nc3 Be7 7. Re1 O-O 8. e4
d6 9. d4 cxd4 10. Nxd4 Qc7 11. Ndb5 Qc6 12. Be3 Nbd7 13. Rc1 a6 14. Nd4 Qc7 15.
f4 Rac8 16. Bf2 Qb8 17. e5 Ne8 18. exd6 Nxd6 19. b3 Nc5 20. Qe2 Bxg2 21. Kxg2
Qb7+ 22. Kg1 Rfe8 23. Nf3 Red8 24. Rcd1 a5 25. Ne5 Nf5 26. Rxd8+ Rxd8 27. Rd1
Rxd1+ 28. Qxd1 f6 29. Nd3 Qc6 30. Qe2 Qd7 31. Nxc5 Bxc5 32. Na4 Bxf2+ 33. Qxf2
Qd1+ 34. Kg2 Qd3 35. h3 h5 36. Nxb6 Ne3+ 37. Kh2 Qd4 38. Qf3 h4 39. c5 Qd2+ 40.
Kg1 Qe1+ 41. Kh2 hxg3+ 0-1

[Event "Obert Miquel Mas 2013"]
[Site "Figueres ESP"]
[Date "2013.08.14"]
[Round "4.6"]
[White "Valles, Manuel"]
[Black "Tjiam, Dharma"]
[Result "0-1"]
[WhiteElo "2319"]
[BlackElo "2377"]
[PlyCount "74"]
[EventDate "2013.08.11"]
[EventType "swiss"]
[EventRounds "9"]
[EventCountry "ESP"]
[Source "lmi"]
[SourceDate "2013.08.11"]

1. c4 Nf6 2. Nc3 e5 3. g3 d5 4. cxd5 Nxd5 5. Bg2 Nb6 6. Nf3 Nc6 7. O-O Be7 8.
b3 O-O 9. Bb2 f5 10. d3 Bf6 11. Nd2 Be6 12. Nc4 Qd7 13. Rc1 Rae8 14. Qc2 Nd4
15. Qb1 Nd5 16. Rfe1 c5 17. e3 Nc6 18. Nxd5 Bxd5 19. Bxd5+ Qxd5 20. e4 Qd7 21.
exf5 Bg5 22. Rc2 Rxf5 23. Ne3 Bxe3 24. Rxe3 b6 25. Rce2 Qd5 26. Qc2 b5 27. Qc1
Nb4 28. Qb1 g6 29. f4 Nc6 30. Qa1 Kf7 31. Bxe5 Nxe5 32. fxe5 Ke6 33. Qe1 Ref8
34. h4 h5 35. a3 a5 36. Qb1 Qd4 37. Qd1 Qd5 0-1

[Event "Obert Miquel Mas 2013"]
[Site "Figueres ESP"]
[Date "2013.08.14"]
[Round "4.7"]
[White "Klip, Hans"]
[Black "Serra Pages, Jordi"]
[Result "1/2-1/2"]
[WhiteElo "2335"]
[BlackElo "2226"]
[PlyCount "85"]
[EventDate "2013.08.11"]
[EventType "swiss"]
[EventRounds "9"]
[EventCountry "ESP"]
[Source "lmi"]
[SourceDate "2013.08.11"]

1. e4 e5 2. Bc4 Nf6 3. d3 Nc6 4. Nf3 Be7 5. O-O O-O 6. Re1 d6 7. a4 Na5 8. Ba2
c5 9. c3 Nc6 10. Nbd2 h6 11. Nf1 Nh7 12. Ne3 Ng5 13. Nd5 Nxf3+ 14. Qxf3 Bg5 15.
Qh5 Bxc1 16. Raxc1 Ne7 17. d4 Nxd5 18. Bxd5 exd4 19. cxd4 cxd4 20. Red1 Qb6 21.
a5 Qxb2 22. a6 Rb8 23. Rb1 Qc2 24. axb7 Be6 25. Rdc1 Qd2 26. h3 g6 27. Rd1 gxh5
28. Rxd2 Bxd5 29. exd5 Rfe8 30. Rxd4 Re7 31. Rdb4 Kg7 32. R1b3 a5 33. Rb6 Rd7
34. f4 a4 35. Rb1 a3 36. Kf2 Kf6 37. Kg3 Kg6 38. Kh4 a2 39. Ra1 Rbxb7 40. Rxb7
Rxb7 41. Rxa2 Rb4 42. g3 Rd4 43. Ra5 1/2-1/2

[Event "Obert Miquel Mas 2013"]
[Site "Figueres ESP"]
[Date "2013.08.15"]
[Round "5.2"]
[White "Tjiam, Dharma"]
[Black "Aroshidze, Levan"]
[Result "1-0"]
[WhiteElo "2377"]
[BlackElo "2565"]
[PlyCount "77"]
[EventDate "2013.08.11"]
[EventType "swiss"]
[EventRounds "9"]
[EventCountry "ESP"]
[Source "lmi"]
[SourceDate "2013.08.11"]

1. d4 Nf6 2. c4 e6 3. Nf3 b6 4. Bf4 Bb7 5. e3 Bb4+ 6. Nfd2 O-O 7. a3 Be7 8. Nc3
c5 9. dxc5 bxc5 10. Qb3 Bc6 11. Rd1 Nh5 12. Bg3 f5 13. Nd5 d6 14. Nxe7+ Qxe7
15. f3 Nxg3 16. hxg3 Nd7 17. Kf2 Qf6 18. Qc2 Ne5 19. Nb1 Rad8 20. Be2 Qg6 21.
Qc3 Rd7 22. b4 cxb4 23. axb4 Qf6 24. b5 Bb7 25. f4 Nf7 26. Qxf6 gxf6 27. c5 Be4
28. Nc3 Rc8 29. c6 Re7 30. g4 d5 31. gxf5 Bxf5 32. g4 Bg6 33. f5 exf5 34. Nxd5
Re6 35. Ra1 fxg4 36. Bxg4 f5 37. Be2 Nd6 38. Rxa7 Ne4+ 39. Kg2 1-0

[Event "Obert Miquel Mas 2013"]
[Site "Figueres ESP"]
[Date "2013.08.15"]
[Round "5.3"]
[White "Cruz, Cristhian"]
[Black "Fernandez Perez, Didier"]
[Result "1-0"]
[WhiteElo "2498"]
[BlackElo "2255"]
[PlyCount "103"]
[EventDate "2013.08.11"]
[EventType "swiss"]
[EventRounds "9"]
[EventCountry "ESP"]
[Source "lmi"]
[SourceDate "2013.08.11"]

1. d4 d5 2. c4 e6 3. Nc3 Nf6 4. cxd5 exd5 5. Bg5 Nbd7 6. e3 c6 7. Bd3 Be7 8.
Qc2 Nh5 9. Bxe7 Qxe7 10. Nge2 g6 11. O-O-O Nb6 12. Kb1 Ng7 13. Nf4 Bf5 14. Rhe1
Bxd3 15. Nxd3 Ne6 16. Ne5 f6 17. Nf3 O-O-O 18. Na4 Qb4 19. Nxb6+ Qxb6 20. Rd3
Kb8 21. Rc1 Rc8 22. Rc3 Ng5 23. Nd2 Rhe8 24. f3 f5 25. Qa4 a6 26. Nb3 Ka8 27.
Nc5 Re7 28. Rb3 Qa7 29. Nxa6 Re6 30. h4 Nf7 31. Rxb7 Qxb7 32. Nc5+ Qa7 33.
Qxa7+ Kxa7 34. Nxe6 Kb6 35. Rc3 Re8 36. Nc5 Re7 37. Ra3 Nd8 38. Ra6+ Kb5 39.
Ra8 Ne6 40. Rb8+ Kc4 41. Kc2 Nxd4+ 42. exd4 Re2+ 43. Kd1 Rxg2 44. Ne6 Rh2 45.
a3 Rxh4 46. Kd2 Rh2+ 47. Ke3 c5 48. b3+ Kc3 49. dxc5 g5 50. c6 f4+ 51. Nxf4
gxf4+ 52. Kxf4 1-0

[Event "Obert Miquel Mas 2013"]
[Site "Figueres ESP"]
[Date "2013.08.15"]
[Round "5.4"]
[White "Fluvia Poyatos, Jordi"]
[Black "Szalontay, Mihaly"]
[Result "1-0"]
[WhiteElo "2447"]
[BlackElo "2024"]
[PlyCount "41"]
[EventDate "2013.08.11"]
[EventType "swiss"]
[EventRounds "9"]
[EventCountry "ESP"]
[Source "lmi"]
[SourceDate "2013.08.11"]

1. e4 d6 2. d4 Nf6 3. Nc3 g6 4. Be3 c6 5. h3 Nbd7 6. f4 b5 7. Bd3 Nb6 8. Nf3
Bg7 9. O-O O-O 10. Qe1 Bb7 11. a3 a5 12. f5 Qc7 13. Qh4 Nbd7 14. Bh6 Rfe8 15.
Rae1 b4 16. Nd1 c5 17. Bxg7 Kxg7 18. e5 Ng8 19. Ng5 Nh6 20. fxg6 f6 21. Ne6+
1-0